[Event "Festa da Uva playoff1"]
[Site "Caxias do Sul"]
[Date "2016.02.12"]
[Round "2"]
[White "Mekhitarian, Krikor Sevag"]
[Black "Topalov, Veselin"]
[Result "0-1"]
[WhiteElo "2559"]
[BlackElo "2760"]
[PlyCount "68"]
[EventDate "2016.02.12"]
[EventType "match"]
[EventRounds "2"]
[EventCountry "BRA"]
[SourceTitle "EXT 2018"]
[Source "ChessBase"]
[SourceDate "2017.10.13"]
[SourceVersion "1"]
[SourceVersionDate "2017.10.13"]
[SourceQuality "1"]
[TimeControl "900+5"]

1. d4 Nf6 2. Nf3 e6 3. g3 b5 $1 {La ligne critique} 4. Bg2 d5 5. O-O a5 $5 (
5... Bb7 6. Bg5 Nbd7 7. e4 dxe4 8. Nfd2 h6 9. Bxf6 Nxf6 10. Qe2 a6 11. Nxe4
Bxe4 12. Bxe4 Nxe4 13. Qxe4 Qd5 14. Qe3 Rd8 15. Rd1 Be7 16. Nc3 Qf5 17. Rd3 O-O
18. Rad1 Rd7 19. Ne4 Rfd8 20. a3 c6 21. f4 a5 22. c3 Qd5 23. R3d2 Qc4 24. Nf2
c5 25. Ne4 cxd4 26. cxd4 b4 27. axb4 axb4 28. Rd3 Qd5 29. Nd2 Bf6 30. Nb3 Rc7
31. Qf3 Qb5 32. R1d2 Rdc8 33. Kg2 Rc2 34. Rxc2 Rxc2+ 35. Rd2 {Aronian,L (2784)
-Dominguez Perez,L (2732) Skopje 2015 1/2-1/2 (62)}) 6. Bf4 $146 (6. Nbd2 Be7
7. Ne5 Ra7 8. e4 Bb7 9. Qe2 b4 10. a3 bxa3 11. b3 O-O 12. Rd1 c5 13. dxc5 Bxc5
14. exd5 exd5 15. Nd3 Re8 16. Qf1 Ba6 17. c4 Bd4 18. Rxa3 dxc4 19. Nxc4 Rae7
20. Bd2 Ng4 21. Bf3 Ne5 22. Ndxe5 Rxe5 23. Bc3 Bxc3 24. Rxd8 Rxd8 25. Qh3 Re1+
26. Kg2 Nd7 27. Qh4 Rb8 28. Qf4 Ne5 29. Bd5 Rb6 30. Ne3 Rf6 31. Qa4 g6 32. Ra2
Bd3 33. Qe8+ Kg7 34. h3 h5 35. Qa8 g5 {Jirka,J (2429)-Soukup,J (2356) Czechia
2014 1/2-1/2}) 6... Be7 7. Nbd2 Nbd7 8. a4 b4 9. c3 $6 {Il est difficile
d'obtenir du contre-jeu sans réagir au centre mais ce coup est trop
affaiblissant} (9. Re1 $142 {[%cal Ge2e4]} Bb7 10. Ne5 {[%cal Ge2e4] Avec une
position plus saine mais les Noirs ont égalisé}) 9... bxc3 $132 10. bxc3 O-O
11. Ne5 Nxe5 12. Bxe5 Ba6 13. Re1 Nd7 14. Bf4 Bd6 $5 15. Nb3 Bc4 16. Nd2 (16.
Bxd6 cxd6 17. Nd2 Ba6 {[%csl Rc3]}) 16... Ba6 17. Nb3 Bxf4 18. gxf4 Bc4 19. Nd2
Nb6 $15 {[%csl Ra4,Rc3,Gc4]} 20. Nxc4 Nxc4 21. e3 Rb8 22. Bf1 Qf6 23. Bxc4 dxc4
24. Qe2 Rb3 25. Qxc4 Qg6+ 26. Kh1 Qe4+ 27. Kg1 Rfb8 28. Qxc7 Qg6+ 29. Kh1 Qe4+
30. Kg1 Rb2 31. Rf1 Qf3 32. Ra2 Qg4+ 33. Kh1 Qh3 34. Qc4 Rxa2 0-1

[Event "Norway Chess 4th"]
[Site "Stavanger"]
[Date "2016.04.24"]
[Round "5"]
[White "Topalov, Veselin"]
[Black "Grandelius, Nils"]
[Result "1-0"]
[WhiteElo "2754"]
[BlackElo "2649"]
[Annotator "Pavlovic,M"]
[PlyCount "83"]
[EventDate "2016.04.19"]
[EventType "tourn"]
[EventRounds "9"]
[EventCountry "NOR"]
[EventCategory "21"]
[SourceTitle "CBM 172"]
[Source "ChessBase"]
[SourceDate "2016.05.12"]
[SourceVersion "1"]
[SourceVersionDate "2016.05.12"]
[SourceQuality "1"]

1. e4 e5 2. Nf3 Nc6 3. Bb5 a6 4. Ba4 Nf6 5. O-O Be7 6. d3 {A popular idea
avoiding lots of theory and heading for positional play.} d6 7. c3 O-O 8. Re1
Re8 9. Nbd2 Bf8 10. h3 b5 11. Bc2 {Usually White has to retreat to b3, but the
idea of this line is to sidestep ...b5 with Bc2 at once which helps him to get
in d3-d4. The downside is that the bishop on b3 is aiming at f7 and thus gives
Black certain problems that he needs to solve with some preparatory moves like
...h6 for instance.} Ne7 {Black has various ideas here, I will give few
interesting examples:} (11... g6 12. Nf1 Bg7 13. Ng3 Nb8 14. d4 Nbd7 {with a
Breyer type of position.} 15. b3 (15. d5 Bb7 16. b3 Qe7 17. c4 c6 18. Bg5 cxd5
19. cxd5 h6 20. Be3 Rec8 21. Rc1 Nc5 22. b4 Ncd7 23. Nd2 $14 {1-0 (70) Delchev,
A (2606)-Zisiadis,D (2005) Paleochora 2015}) 15... c5 16. d5 Qc7 17. Bg5 h6 18.
Be3 a5 19. Nh2 Kh7 20. Qd2 b4 21. c4 a4 22. Rad1 Qd8 23. Bb1 Re7 24. Rf1 Qh8
$13 {1/2-1/2 (71) Sengupta,D (2563)-Kovalenko,I (2680) Al-Ain 2015}) (11... Bb7
12. Nf1 Nb8 13. Ng3 Nbd7 14. d4 g6 {Another way of getting a Breyer type of
position.} 15. Bg5 h6 16. Bd2 Bg7 17. Rc1 c6 18. Bb1 Qc7 19. h4 h5 20. Bg5 Nh7
21. Be3 Ndf6 22. Nh2 Rad8 $13 {0-1 (45) Najer,E (2628)-Bruzon Batista,L (2691)
Internet 2013}) 12. d4 Ng6 13. Nf1 exd4 {This looks like a new idea in this
position, but the motif is known.} (13... Bb7 14. Ng3 h6 15. a4 c6 16. Be3 Qc7
17. axb5 axb5 18. Rxa8 Rxa8 19. Nh2 Re8 20. Ng4 Nxg4 21. hxg4 $14 {1-0 (40)
Gharamian,T (2661)-Butnorius,A (2400) Cappelle la Grande 2013}) 14. cxd4 c5 15.
d5 {This kind of Benoni structure is known and Black often employs it.} Nd7 16.
Ng3 a5 17. Be3 a4 18. Bd3 Rb8 19. Bf1 {Interesting play by Topalov, usually
players are happy with the bishop on c2 in the Ruy Lopez, but Topalov wants to
keep an eye on the queenside as well.} Nde5 {The problem of the black position
is typical: both black knights are heading for the same square which is
usually bad.} ({Another idea is to put pressure on e4:} 19... Nf6 20. Qc2 Bd7
21. Nd2 {[%cal Gf2f4,Gd2f3] White is heading for f4.} Be7 22. f4 h5 23. Nf3 h4
24. Nh1 Nh5 $13) 20. Nd2 $1 {Exchanging one knight would help Black immensly
and Topalov knows that.} Be7 21. b3 axb3 $6 {Such decisions to open or not are
not easy to solve during the game, but in this case it helps White because
soon he will be able to get on to the a-file.} (21... a3 {keeping the position
a bit closed was a safer option.}) 22. axb3 Bg5 23. Nh5 $1 Bxe3 24. Rxe3 Nd7
25. Ra7 Re5 26. Be2 Ndf8 27. Qa1 {White is clearly better. In just few moves
all white pieces have started to get the best squares.} Qh4 28. Ng3 Qd8 29. Bg4
$1 {It is of crucial importance to get the f5-square for the knight.} Re7 30.
Rxe7 Nxe7 31. Bxc8 Rxc8 32. Nh5 f6 33. Rg3 Neg6 34. Qa6 Qd7 35. f4 {With f5 to
come next, Black is simply lost.} c4 36. bxc4 bxc4 37. Nxc4 f5 38. Nxd6 Rc1+
39. Kh2 fxe4 40. f5 e3 41. fxg6 hxg6 42. Nf4 1-0

[Event "Sinquefield Cup 4th"]
[Site "Saint Louis"]
[Date "2016.08.05"]
[Round "1"]
[White "Topalov, Veselin"]
[Black "Svidler, Peter"]
[Result "1-0"]
[WhiteElo "2761"]
[BlackElo "2751"]
[Annotator "Pavlovic,M"]
[PlyCount "55"]
[EventDate "2016.08.05"]
[EventType "tourn"]
[EventRounds "9"]
[EventCountry "USA"]
[EventCategory "22"]
[SourceTitle "CBM 174"]
[Source "ChessBase"]
[SourceDate "2016.09.13"]
[SourceVersion "1"]
[SourceVersionDate "2016.09.13"]
[SourceQuality "1"]

1. e4 e5 2. Nf3 Nc6 3. Bb5 a6 4. Ba4 Nf6 5. O-O Be7 6. Re1 b5 7. Bb3 O-O 8. a4
b4 9. d3 d6 10. a5 Be6 11. Bxe6 $5 {Recently on top level they started to use
a lot this thematic but a bit forgotten idea. It does remind me on an old game
Karpov-Jussupow, Bugojno 1986, which came from the Italian Game, where the Ex
World Champion executed nice positional ideas.} fxe6 12. Nbd2 d5 {Another
interesting thing is that I found only one game played in same manner dated
all the way back to 1962!} (12... Nd7 13. c3 Bf6 (13... Rb8 14. Nf1 bxc3 15.
bxc3 Rb5 16. Be3 {again with a complicated game}) 14. Qa4 bxc3 15. bxc3 Na7 16.
Qc4 Qe8 17. Qxa6 Nc5 18. Qc4 Qb5 19. d4 exd4 20. cxd4 Qxc4 21. Nxc4 Nb3 22. Rb1
Nxd4 23. Nxd4 Bxd4 24. Be3 Nc6 25. Rb7 Bxe3 26. Nxe3 Rfc8 27. Rc1 $14 {1/2-1/2
(43) Parma,B-Sanguineti,R Mar del Plata 1962}) (12... Qe8 13. c3 bxc3 14. bxc3
Qg6 15. Nf1 {with an interesting game ahead of us.}) 13. c3 {Taking the pawn
is not much advisable here:} (13. exd5 exd5 14. Nxe5 Nxe5 15. Rxe5 Bc5 16. Nf3
Ng4 17. Re2 Qd6 $19) 13... Bd6 14. d4 bxc3 15. bxc3 exd4 16. cxd4 dxe4 17. Nxe4
Bb4 18. Bd2 Nxe4 19. Rxe4 Qd5 20. Bxb4 Qxe4 21. Bxf8 Rxf8 22. Rc1 {Massive
changes didn't help Black to reach an equal play, still White has the easier
play and pawns on a6 and c7 are much more vulnerable than White's counterparts
on a5 and d4.} h6 23. Qd2 Rb8 24. Qe3 Qd5 25. h3 Rb4 $4 {A blunder that loses
a piece.} (25... Rb5 26. Qc3 Nxa5 27. Qxc7 Nb3 28. Re1 Nxd4 29. Nxd4 Qxd4 30.
Qc8+ Kh7 31. Qc2+ Kg8 32. Rxe6 {Due to the better king we can say that White
still has the initiative but chances for Black to equalise are high.}) 26. Qc3
$1 Nxd4 27. Qxb4 Ne2+ 28. Kh1 {Black resigned due to} (28. Kh1 Nxc1 29. Qb8+
Kh7 30. Qb1+ Nd3 31. Ne1 $18) 1-0

[Event "Sinquefield Cup 4th"]
[Site "Saint Louis"]
[Date "2016.08.09"]
[Round "5"]
[White "Topalov, Veselin"]
[Black "Ding, Liren"]
[Result "1-0"]
[WhiteElo "2761"]
[BlackElo "2755"]
[Annotator "Mokal,P"]
[PlyCount "131"]
[EventDate "2016.08.05"]
[EventType "tourn"]
[EventRounds "9"]
[EventCountry "USA"]
[EventCategory "22"]
[SourceTitle "CBM 174"]
[Source "ChessBase"]
[SourceDate "2016.09.13"]
[SourceVersion "1"]
[SourceVersionDate "2016.09.13"]
[SourceQuality "1"]

1. e4 e5 2. Nf3 Nc6 3. Bb5 a6 4. Ba4 Nf6 5. O-O Be7 6. Re1 b5 7. Bb3 d6 8. c3
O-O 9. h3 Re8 10. d4 Bb7 11. Nbd2 Bf8 12. a3 {For a long time 12.a4 was the
main move in this position in the Zaitsev, but in the last few years 12.a3 and
12.d5 have become equally popular.} h6 13. Bc2 ({Both the players have had
their share of experience with} 13. d5 Nb8 14. Nh2 Nbd7 (14... c6 15. dxc6 Bxc6
16. Qf3 Nbd7 {is the same}) 15. Qf3 c6 16. dxc6 Bxc6 17. Ng4 {Here Giri vs
Ding Liren went} Nc5 ({while Topalov vs Morozevich, 2009 continued} 17... a5
18. Ba2 $5 Qe7 19. Nf1 $5 Nxg4 20. hxg4 Nc5 21. g5 $1 $40 {1-0
Topalov-Morozevich, Nice 2009 (43); and White got nice attacking prospects.})
18. Nxf6+ Qxf6 19. Qxf6 gxf6 20. Bc2 Red8 21. Nf1 d5 $11 {1/2-1/2 Giri-Ding
Liren, Bilbao 2015 (42)}) 13... Nb8 {Black responds with the Breyer style
manoeuvre.} 14. b3 {[%cal Gd2e4,Gc1b2] Since White cannot go Nf1-Ng3 (which is
usually his typical play in the Breyer) he finds the other way to develop his
B.} Nbd7 15. Bb2 Rc8 (15... g6 {is more common here. One of the comparatively
recent top level games went} 16. a4 c6 17. Bd3 Nh5 (17... Bg7 $5) 18. g3 Bg7
19. Qc2 Qb6 20. Bf1 Rac8 $132 {1/2-1/2 Leko-Caruana, Malmo 2012 (39); with a
dynamic position that gives chances to both sides.}) 16. a4 b4 $6 $146 {
This pawn sacrifice does not look challenging and is unlikely to repeat itself
at the top level. It offers Black good posts for his pieces temporarily but
nothing more than that.} (16... c6 {is normal and makes a lot of sense.}) 17.
cxb4 exd4 18. Bxd4 c5 19. bxc5 Nxc5 20. Qb1 (20. e5 dxe5 21. Bxe5 Ne6 22. Nc4
$14) 20... a5 21. b4 axb4 22. Qxb4 Ba8 {What Black has, is definitely not
enough for the P.} (22... Nfxe4 23. Nxe4 Bxe4 24. Bxe4 Rb8 25. Qa3 Nxe4 26. a5
$16 {[%cal Ga5a6,Ga6a7]}) 23. a5 d5 (23... Nfxe4 24. Bxe4 Nxe4 25. Nxe4 Bxe4
26. a6 $16 {[%cal Ga6a7]}) 24. Bxf6 Qxf6 25. e5 Qa6 26. Qg4 (26. Qb6 $5 Qxb6 (
26... Rc6 27. Qxa6 Rxa6 28. Nd4 $16) 27. axb6 Rb8 28. Reb1 Ne6 29. Ra5 Bc5 30.
Ba4 (30. Rbb5 $5 Bxb6 31. Rxa8 Rxa8 32. Rxb6 $14) 30... Red8 31. Rab5 $16 Bc6
$6 32. Rxc5 Bxa4 33. Ra5 $18) 26... Ne6 27. Bf5 (27. Qf5 $6 g6 {does not
improve White's position.}) 27... Rc5 28. Bxe6 Rxe6 29. Nb3 ({A much more
decisive move is} 29. Nd4 $142 {although it involves giving up the a5-P in
return for a powerful attack.} Rg6 (29... Re8 30. e6 $1 fxe6 31. Rxe6 $5 (31.
Qg6 $1 Rec8 32. N2b3 Rc4 33. Nf5 $18 {[%csl Rg8]}) 31... Rxe6 32. Qxe6+ Qxe6
33. Nxe6 $18) (29... Re7 30. e6 $18) 30. Qd7 Rxa5 (30... Qc8 31. Qxc8 Rxc8 32.
Rec1 (32. a6 $5 $18) 32... Rxc1+ 33. Rxc1 Ra6 34. Rc8 g6 (34... Rxa5 35. e6 $18
) 35. N2b3 $18) (30... Bc6 31. Qd8 $18) 31. Rac1 $1 Bb7 32. N2b3 Ra2 33. Rc7
$18) 29... Rc4 30. Nfd4 Bb7 31. Qf5 Re7 32. e6 Bc8 33. exf7+ Rxf7 34. Qxd5 Bb7
35. Qe6 Rb4 36. Re3 ({Objectively stronger was} 36. Qxa6 {but it demanded
computer precision to follow-up accurately.} Bxa6 37. Re8 Kh7 (37... Rf6 38.
Rc1 Kh7 (38... Kf7 39. Rd8 Be7 40. Rc7 $18) 39. Rc6 Rxc6 40. Nxc6 Rxb3 41. Rxf8
Ra3 42. Rf5 Rc3 43. Nb4 $18) 38. Re6 Bc4 39. Rb6 Rxb6 40. axb6 Rf6 (40... Rb7
41. Na5 Rxb6 42. Nxc4 Rb4 43. Ne6 $18) 41. Nd2 Bd5 (41... Bd3 42. Ra8 $18) 42.
Ra5 Rd6 43. Nf5 Rd7 44. Ne3 Bb7 45. Ndc4 $18) 36... Qa8 37. Rc1 Bd5 (37... Bxg2
$4 38. Rc8 Qd5 39. Rxf8+ Kxf8 40. Qe8#) 38. Rc8 Bxe6 39. Rxa8 Bc4 40. Rc8 Kh7
41. Rc3 Ba6 42. Rd8 ({White could have exchanged one pair of Rs with} 42. R8c7
Rf6 (42... Rf4 43. Ne6 Rf6 44. Nxf8+ Rxf8 45. Nc5 $18) 43. R7c6 {Although even
then after} (43. R3c6 Bd6 44. Rd7 $18) 43... Rxc6 (43... Bd6 44. Rxa6 Bh2+ 45.
Kxh2 $18) 44. Rxc6 Bc4 {White has to find accurate ways to use his Ns.} 45. Nc2
$1 Ra4 (45... Rxb3 46. Rxc4 $18) 46. Nc5 $1 Bd5 (46... Rxa5 47. Nd7 $18) 47.
Nxa4 ({A nice exercise for calculation could be} 47. Rxh6+ Kxh6 48. Nxa4 Bb3
49. Nb6 Bxc2 50. a6 Be4 51. a7 Be7 52. a8=Q Bxa8 53. Nxa8 Bd8 $11 {It does not
look like White can progress.}) 47... Bxc6 48. Nc3 $16 {In spite of the
achievement, progress is not easy.} (48. Nb2 Be4 49. Nd4 Bb4 50. Nc4 Bd5 51.
Nc2 Bc3 52. N2e3 Bb7 53. f4 $16 (53. Kf1 $2 Ba6))) 42... Ra4 43. Ne6 $6 {
This loses the key P. Other natural moves would have kept things in White's
grasp, although his task would still not be easy.} (43. Nc6 $142) (43. Rc1 $142
) 43... Bb4 44. Rc6 Bb5 45. Rc1 Ra2 46. f3 Ba4 47. Nbd4 Bxa5 48. Ra8 Bb6 49.
Kh1 Bb3 50. Rb8 Bxe6 51. Rxb6 Bf5 {The position now looks technically drawn
but Black will have to endure a tough and thankless battle for a long long
time.} 52. Rd6 Bg6 53. Rd8 Bf5 54. Rd6 Bg6 55. Rc8 Rb7 56. Rdd8 Bd3 57. Ne6 Bf1
$2 {After enduring for a long time, Ding Liren makes a slip.} (57... Bf5 $142
58. Rh8+ (58. Nf8+ Kg8 $11) 58... Kg6 59. Nf4+ Kg5 60. Rc4 $14 {and the story
would continue. Topalov would still press for more but the position would be
objectively equal.}) 58. Nf8+ $2 {Topalov misses his chance. Luckily he will
get another. He admitted that it took him a lot of time to find the brilliant
idea that we see later in the game.} (58. Rh8+ $1 Kg6 59. Nf4+ {was correct,
transposing to the game.}) 58... Kg8 59. Ng6+ Kh7 (59... Kf7 $142 60. Nh8+ (60.
Nf4 Bxg2+ 61. Nxg2 Rb1+ 62. Kh2 Rbb2 $11) 60... Ke6 61. Re8+ Kd6 62. Rcd8+ Kc6
$11 {[%csl Rg2]}) 60. Nf8+ Kg8 61. Ne6+ Kh7 $4 {Black fails to spot the
critical point, probably misled by the repetition. But he does give the
spectators a chance to witness an aesthetically pleasing finish.} (61... Kf7 $8
62. Nf4 Bxg2+ $1 63. Nxg2 Rb1+ 64. Kh2 Rbb2 $11) 62. Rh8+ Kg6 63. Nf4+ $1 Kg5 (
{If} 63... Kf5 {then the Black K is pushed totally out of the game, and then
White will gobble up the >> pawns.} 64. Rhf8+ Ke5 65. Rce8+ Kd4 (65... Kd6 66.
Re6+ Kc5 (66... Kc7 67. Rf7+ $18) 67. Rc8+ Kb4 68. Re1 Ba6 69. Rb1+ Ka5 70.
Rxb7 Bxb7 71. Rc7 $18) 66. Re1 Bc4 67. Rc8 $18 {[%csl Rd4]}) 64. Rhf8 $1 {
Now Black K is stuck in an awkward position and he is likely to lose material
for it. The whole point can be seen if Black takes on g2.} Rbb2 ({In his
calculation, after} 64... Bxg2+ {Ding probably missed the brilliancy} 65. Kh2
$3 {[%csl Rg5] which would bring about a fantastic study-like finish to the
game. It's all about the vulnerable Black K.} (65. Nxg2 $4 Rb1+ 66. Kh2 Rbb2
$11) 65... Bxf3+ (65... Kh4 66. Nxg2+ $18) 66. Kg3 $18 {[%cal Gh3h4] and Black
has to give up everything to save his K.}) ({Another beautiful and study-like
line is} 64... Kh4 65. Rc1 $1 {[%csl Rf1]} Ba6 (65... g5 66. Rxf1 gxf4 67.
Rxf4+ $18) 66. g3+ $1 Kxg3 (66... Kg5 67. h4#) 67. Rg1+ Kxf3 (67... Kh4 68.
Rg4#) (67... Kf2 68. Rg2+ $18 {[%csl Ra2]}) 68. Nd5+ Ke4 (68... Ke2 69. Nc3+
$18) 69. Nc3+ $18) (64... Rb5 {does not help either} 65. Rc7 Kh4 (65... g6 66.
g3 $18 {[%cal Gh3h4]} h5 67. h4+ Kh6 68. Rh8#) 66. Rxg7 $18) 65. Rc7 $1 g6 (
65... Bxg2+ 66. Nxg2 Rxg2 67. Rxg7+ $18) 66. g3 (66. g3 Rh2+ 67. Kg1 {[%cal
Gh3h4]} Bxh3 68. Nxh3+ Rxh3 69. Rc5#) 1-0

[Event "Saint Louis Showdown 60m"]
[Site "Saint Louis"]
[Date "2016.11.10"]
[Round "1"]
[White "Topalov, Veselin"]
[Black "Caruana, Fabiano"]
[Result "1-0"]
[WhiteElo "2760"]
[BlackElo "2823"]
[PlyCount "57"]
[EventDate "2016.11.10"]
[EventType "tourn"]
[EventRounds "6"]
[EventCountry "USA"]
[EventCategory "22"]
[SourceTitle "CBM 176"]
[Source "ChessBase"]
[SourceDate "2017.01.17"]
[SourceVersion "1"]
[SourceVersionDate "2017.01.17"]
[SourceQuality "1"]

1. c4 Nf6 2. Nc3 e6 3. Nf3 d5 4. d4 dxc4 5. e4 Bb4 6. Bxc4 Nxe4 7. O-O Nxc3 8.
bxc3 Bd6 9. Re1 O-O 10. Qd3 Nd7 11. Ne5 Bxe5 12. dxe5 Nb6 13. Qg3 Nxc4 14. Bh6
g6 15. Rad1 Bd7 16. h4 Nb6 17. h5 Qe7 18. Rd4 Be8 19. Bg5 f6 20. exf6 Qc5 21.
Rxe6 Qf5 22. Re5 Qb1+ 23. Kh2 gxh5 24. Bh6+ Bg6 25. Bxf8 Rxf8 26. Qg5 Qxa2 27.
Re7 Qxf2 28. Rg7+ Kh8 29. Rxg6 1-0

[Event "Gibraltar Masters 15th"]
[Site "Caleta"]
[Date "2017.02.02"]
[Round "10"]
[White "Gledura, Benjamin"]
[Black "Topalov, Veselin"]
[Result "0-1"]
[WhiteElo "2589"]
[BlackElo "2739"]
[Annotator "Navara,D"]
[PlyCount "68"]
[EventDate "2017.01.24"]
[EventType "swiss"]
[EventRounds "10"]
[EventCountry "GGB"]
[SourceTitle "CBM 177"]
[Source "ChessBase"]
[SourceDate "2017.03.16"]
[SourceVersion "1"]
[SourceVersionDate "2017.03.16"]
[SourceQuality "1"]

1. d4 d5 2. c4 c6 3. Nf3 Nf6 4. e3 Bf5 5. Nc3 e6 6. Nh4 Bg6 7. Nxg6 hxg6 8. g3
Nbd7 9. Qe2 Bb4 10. Bg2 Nb6 11. cxd5 exd5 12. O-O O-O 13. Qd3 Re8 14. a3 Bxc3
15. bxc3 Qd7 16. f3 Na4 17. g4 Re7 18. Rb1 b5 19. Bd2 Rae8 20. Rfe1 Qd6 21. Qc2
Qd7 22. Qd3 a6 23. Re2 Qd6 24. Rbe1 Nb2 25. Qc2 Nc4 {Black's knights are
surprisingly stronger than White's bishops. Besides, the a3-pawn is weak.} 26.
e4 $6 {The attempt to open the position backfires, but White's position was
unenviable in any case.} ({The computer suggests} 26. a4 bxa4 27. Bc1) ({or} 
26. Bc1 {, but such options are appalling rather than appealing.}) 26... dxe4
27. fxe4 c5 $1 {Great move. Black undermines the centre, after which White's
king becomes very weak.} (27... Nxg4 $2 28. e5 {would offer White the desired
counterplay.}) 28. e5 Qb6 29. Kf1 $2 {White's king enters a dangerous zone and
eventually gets punished.} (29. Qd3 cxd4 30. Qxd4 (30. cxd4 Rxe5 $17) 30... Qc7
$5 $17 {is not rosy for White, either. Still, it was the lesser evil.}) 29...
cxd4 30. cxd4 (30. exf6 $2 {loses to} Qxf6+ 31. Rf2 Nxd2+ 32. Qxd2 Rxe1+ $19)
30... Qxd4 31. Bc3 Qf4+ 32. Rf2 (32. Kg1 Nxg4 {was hopeless for White.}) 32...
Ne3+ {There were many roads to Rome, but this one is both pretty and
straightforward.} 33. Rxe3 Qxe3 34. exf6 {It looks as if White were alright,
but...} Qe1+ $1 {forces mate. A beautiful finale!} 0-1